LEADER 01090nam0-22003371i-450- 001 990004457080403321 005 20150708105049.0 035 $a000445708 035 $aFED01000445708 035 $a(Aleph)000445708FED01 035 $a000445708 100 $a19990604f19211927km-y0itay50------ba 101 0 $afre 105 $ay-------001yy 200 1 $a<>péril judéo-maçonnique$fM.gr Jouin 205 $a7e ed. 210 $aParis$cRevue Internationale$cÉmile-Paul fréres$d1921- 215 $av.$d26 cm 327 0 $a1.: <>"Protocols" des Sages de Sion. -7. ed. . -1921$a2.1: <>Judéo-Maçonnerie et l'Église Catholique Les Fidèles de la contre-église. - 1927 610 0 $aMassoneria - Francia 676 $a366.0944 700 1$aJouin,$bErnest$0177775 702 1$aNilus,$bSerge 801 0$aIT$bUNINA$gRICA$2UNIMARC 901 $aBK 912 $a990004457080403321 952 $a366 JOU 1 (1)$bR.Bibl. 11241a$fFLFBC 952 $a366 JOU 1 (2.1)$bR.Bibl. 11241b$fFLFBC 959 $aFLFBC 996 $aPeril judeo-maconnique$9544153 997 $aUNINA LEADER 01020nam--2200361---450- 001 990003025300203316 005 20071130103617.0 035 $a000302530 035 $aUSA01000302530 035 $a(ALEPH)000302530USA01 035 $a000302530 100 $a20071130d1894----km-y0itay50------ba 101 $aita 102 $aIT 105 $a||||||||001yy 200 1 $a<> avvenimenti di Sicilia e le loro cause$fNapoleone Colajanni$gcon prefazione di Mario Rapisardi 210 $aPalermo$cR. Sandron$d1894 215 $a508 p.$d19 cm 410 0$12001 454 1$12001 461 1$1001-------$12001 607 0 $aSicilia$xStoria$zSec. 19. 676 $a945.8084 700 1$aCOLAJANNI,$bNapoleone$067948 702 1$aRAPISARDI,$bMario 801 0$aIT$bsalbc$gISBD 912 $a990003025300203316 951 $aIV 4 COL$b4558 DBC$cIV 4 959 $aBK 969 $aDBC 979 $aDBC$b90$c20071130$lUSA01$h1036 996 $aAvvenimenti di Sicilia e le loro cause$9160650 997 $aUNISA LEADER 01298nam a2200301 i 4500 001 991000329939707536 008 090714r19622009nyu 001 0 eng 020 $a0385009062 035 $ab13842006-39ule_inst 040 $aDi.S.Te.B.A.$beng 082 0 $a641.59$222 100 1 $aKeys, Ancel Benjamin$0471657 245 10$aMangiar bene e stare bene (con la dieta mediterranea) /$c[by] Ancel and Margaret Keys ; traduzione di A. Fidanza e V. Poppi ; prefazione di Paul Dudley White ; presentazione di Giorgio Bini 250 $a"1. ed. italiana sulla 2. ed. inglese". - T.p. verso 260 $aPadova :$bPiccin,$cc1962,$cristampa 2009 300 $axviii, 345 p. ;$c22 cm 500 $aOrig. tit.: Eat well and stay well 650 0$aDiet$zMediterranean Region 650 0$aNutrition surveys 700 1 $aKeys, Margaret$eauthor$4http://id.loc.gov/vocabulary/relators/aut$0731150 700 1 $aFidanza, A. 700 1 $aPoppi, V. 907 $a.b13842006$b28-01-14$c14-07-09 912 $a991000329939707536 945 $aLE003 641 KEY01.01 (2009)$g1$i2003000080179$lle003$op$pE20.00$q-$rl$s- $t0$u4$v0$w4$x0$y.i15000916$z11-09-09 996 $aMangiar bene e stare bene (con la dieta mediterranea)$91440315 997 $aUNISALENTO 998 $ale003$b14-07-09$cm$da $e-$fita$git $h0$i0